"The Nile mother". (Record no. 14200)

000 -LEADER
fixed length control field 00542nam a2200181 a 4500
001 - CONTROL NUMBER
control field :::00012025$&:&@@
003 - CONTROL NUMBER IDENTIFIER
control field OkBaRHE
005 - DATE AND TIME OF LATEST TRANSACTION
control field 20000607103415.0
008 - FIXED-LENGTH DATA ELEMENTS--GENERAL INFORMATION
fixed length control field s1974 j 000 0 eng u
040 ## - CATALOGING SOURCE
Transcribing agency
100 1# - MAIN ENTRY--PERSONAL NAME
Personal name Sumrall, Lester Frank, 1913-
245 15 - TITLE STATEMENT
Title "The Nile mother".
260 ## - PUBLICATION, DISTRIBUTION, ETC. (IMPRINT)
Place of publication, distribution, etc South Bend, IN., :
Name of publisher, distributor, etc LeSEA
Date of publication, distribution, etc c1974
300 ## - PHYSICAL DESCRIPTION
Extent 42 p. ;
Dimensions 22 cm.
650 ## - SUBJECT ADDED ENTRY--TOPICAL TERM
Topical term or geographic name as entry element Trasher, Lillian Hunt, 1887-
942 ## - ADDED ENTRY ELEMENTS (KOHA)
Source of classification or shelving scheme
Koha item type Books
Copies
Damaged status Barcode Copy number Source of classification or shelving scheme Not for loan Koha item type Full call number Date last seen Shelving location Withdrawn status Price effective from Date acquired Permanent Location Lost status
 120251  BooksBX 8764 .Z8T72010-04-14General Stacks 2010-04-142010-04-14RHEMA Bible Training College